LDR 00810naa#a2200181#i#450# 001 EN\\bibl\20320 005 20260701230748.3 100 ## _a20260630b2026####ek#y0engy0150####ca 102 ## _aRU 200 1# _aDIGITAL TWINS AS A TOOL FOR INCREASING THE RELIABILITY OF INDUSTRIAL FACILITIES _eConference article/thesis 210 1# _aVoronezh _cFSBE Institution of Higher Education Voronezh State University of Forestry and Technologies named after G.F. Morozov _d2026 215 ## _a5 с. 608 ## _aConference article/thesis _2local 675 ## _aИнформационные технологии. Компьютерные технологии. Теория вычислительных машин и систем. 004 _z 700 #1 _aKondusova _gV. V. 700 #1 _aTyunina _gA. M. 700 #1 _aKukueva _gD. S. 856 4# _abibl.vgltu.ru _u